Países más cercanos a Argelia - 30 segundos sprint - Estadísticas

Estadísticas generales
  • Esta prueba ha sido intentada 100 veces
  • La puntuación promedio es 10 de 20
Estadísticas de respuestas
km país % Correcto
0 Marruecos
98%
0 Túnez
92%
0 Libia
87%
0 Malí
82%
0 Mauritania
75%
312 Chad
72%
68 España
70%
0 Níger
62%
214 Italia
52%
494 Francia
46%
500 Malta
41%
521 Portugal
39%
601 Nigeria
25%
613 Burkina Faso
23%
739 Mónaco
23%
838 San Marino
20%
642 Ciudad del Vaticano
18%
637 Andorra
16%
733 Benín
8%
0 Sahara Occidental
7%
No se encontraron pruebas coincidentes
Distribución de puntuación
Porcentaje de gente con cada puntuación
Porcentaje por número respondido
Historial de tus puntuaciones
No has intentado esta prueba.